000 00664nam a22002417a 4500
003 UA-OsUOA
001 106157
007 ta
008 20140505b un ||||| |||| 00| 0 ukr d
100 _aАбрамов А.
700 _aРадыгин А.
700 _aЧернова М.
090 _a330
_bА16
942 _cSA
040 _aUA-OsUOA
_bukr
_cUA-OsUOA
_dUA-OsUOA
245 _aРегулирование финансовых рынков: модели, эволюция, эффективность
300 _aС.33-50
955 _a0
041 _aukr
080 _a330
773 0 _w106156
650 7 _a330 Економіка взагалі
_2UDC
999 _c392272
_d392272